Online
Catalog

Código de Comercio de la República Dominicana. / (Record no. 54681)

MARC details
000 -CABECERA
campo de control de longitud fija 02316nam a2200325 i 4500
003 - IDENTIFICADOR DEL NÚMERO DE CONTROL
campo de control DO-SdBNP
005 - FECHA Y HORA DE LA ÚLTIMA TRANSACCIÓN
campo de control 20240402134029.0
006 - CÓDIGOS DE INFORMACIÓN DE LONGITUD FIJA--CARACTERÍSTICAS DEL MATERIAL ADICIONAL
campo de control de longitud fija a||||gr|||| 00| 0
007 - CAMPO FIJO DE DESCRIPCIÓN FÍSICA--INFORMACIÓN GENERAL
campo de control de longitud fija ta
008 - DATOS DE LONGITUD FIJA--INFORMACIÓN GENERAL
campo de control de longitud fija 230911e2000 dr ||||| |||| 00| 0 spa d
040 ## - FUENTE DE LA CATALOGACIÓN
Centro catalogador/agencia de origen DO-SdBNP
Lengua de catalogación spa
Centro/agencia transcriptor BNPHU
Normas de descripción rda
082 #4 - NÚMERO DE LA CLASIFICACIÓN DECIMAL DEWEY
Número de edición 22
Número de clasificación 346.729307
Número de documento/Ítem V648c 2000
100 1# - ENTRADA PRINCIPAL--NOMBRE DE PERSONA
Nombre de persona Potentini Adames, Trajano Vidal‏
Término indicativo de función/relación autor
9 (RLIN) 73577
245 10 - MENCIÓN DE TÍTULO
Título Código de Comercio de la República Dominicana. /
Mención de responsabilidad, etc. Trajano Vidal Potentini; edición al cuidado de Héctor Guzmán
260 ## - PUBLICACIÓN, DISTRIBUCIÓN, ETC.
Lugar de publicación, distribución, etc. 3a. edición de bolsillo
264 #1 - PRODUCCIÓN, PUBLICACIÓN, DISTRIBUCIÓN, FABRICACIÓN Y COPYRIGHT
Producción, publicación, distribución, fabricación y copyright Moca, República Dominicana :
Nombre del de productor, editor, distribuidor, fabricante Dalis,
Fecha de producción, publicación, distribución, fabricación o copyright 2000
300 ## - DESCRIPCIÓN FÍSICA
Extensión 244 páginas ;
Dimensiones 15 cm.
336 ## - TIPO DE CONTENIDO
Fuente rdacontent
Término de tipo de contenido texto
Código de tipo de contenido txt
337 ## - TIPO DE MEDIO
Fuente rdamedia
Nombre/término del tipo de medio sin mediación
Código del tipo de medio n
338 ## - TIPO DE SOPORTE
Fuente rdacarrier
Nombre/término del tipo de soporte volumen
Código del tipo de soporte nc
505 0# - NOTA DE CONTENIDO CON FORMATO
Nota de contenido con formato Libro Primero.
Título Título I: De los comerciantes.-- Título II: De los libros de comercio.
Información miscelánea Título III.
Título De las Compañías.
Información miscelánea Título IV.
Título De las separaciones de bienes.
Información miscelánea Título V.
Título De las bolsas de comercio, agentes de cambio y corredores.
Información miscelánea Título VI.
Título De la prenda y de los comisionistas.
Información miscelánea Título VII.
Título De las compras y ventas mercantiles.
Información miscelánea Título VII.
Título De la letra de cambio, del pagaré a la orden, y de la prescripción.
Información miscelánea Título VIII.
Título De la letra de cambio, del pagaré a la orden, y de la prescripción.
505 0# - NOTA DE CONTENIDO CON FORMATO
Nota de contenido con formato Libro Segundo.
Título Del Comercio Marítimo.
Información miscelánea Título IX.
Título De los contratos a la gruesa.
Información miscelánea Título X.
Título De los seguros.
505 0# - NOTA DE CONTENIDO CON FORMATO
Nota de contenido con formato Libro Tercero.
Título De las Quiebras y Bancarrotas
Información miscelánea Capítulo I:
Título De la declaración de quiebra y de sus efectos.
Información miscelánea Capítulo II:
Título Del nombramiento de juez comisario
Información miscelánea Capítulo III:
Título De la fijación de sellos y de las primeras disposiciones con respecto a la persona del quebrado.
Información miscelánea Capítulo IV:
Título Del nombramiento y reemplazo de los síndicos provisionales.
Información miscelánea Capítulo V.
Título Atribuciones de los síndicos.
Información miscelánea Capítulo VI:
Título Del concordato y de la unión.
Información miscelánea Capítulo VII:
Título De las diversas especies de acreedores y de sus derechos en caso de quiebra.
Información miscelánea Título II.
Título De las bancarrotas.
505 0# - NOTA DE CONTENIDO CON FORMATO
Nota de contenido con formato Libro Cuarto.
Título De la Jurisdicción Comercial.
590 ## - NOTA LOCAL (RLIN)
Nota local Inventariado 2023 / MF
650 #4 - PUNTO DE ACCESO ADICIONAL DE MATERIA--TÉRMINO DE MATERIA
Término de materia o nombre geográfico como elemento de entrada Derecho comercial
Subdivisión general Legislación
Subdivisión geográfica República Dominicana
9 (RLIN) 10077
650 #4 - PUNTO DE ACCESO ADICIONAL DE MATERIA--TÉRMINO DE MATERIA
Término de materia o nombre geográfico como elemento de entrada Derecho comercial
Subdivisión geográfica República Dominicana
9 (RLIN) 14449
700 1# - PUNTO DE ACCESO ADICIONAL--NOMBRE DE PERSONA
Nombre de persona Guzmán, Héctor,
9 (RLIN) 73578
Término indicativo de función/relación editor
942 ## - ELEMENTOS DE PUNTO DE ACCESO ADICIONAL (KOHA)
Fuente del sistema de clasificación o colocación Dewey Decimal Classification
Tipo de ítem Koha Libro
Holdings
Estado de retiro Estado de pérdida Fuente del sistema de clasificación o colocación Restricciones de uso No para préstamo Código de colección Localización permanente Ubicación/localización actual Ubicación en estantería Fecha de adquisición Fuente de adquisición Total de préstamos Signatura topográfica completa Código de barras Fecha visto por última vez Precio válido a partir de Tipo de ítem Koha
    Dewey Decimal Classification Excluido de préstamo   Patrimonio Dominicano Biblioteca Nacional Pedro Henríquez Ureña Biblioteca Nacional Pedro Henríquez Ureña En catalogación 30.03.2000 Donado por Ferolina Sofía   V648c 2023-5739 11.09.2023 11.09.2023 Libro

Powered by Koha